01622nam a2200385 a 4500001001200000003000800012006001900020007001500039008004100054010001700095020001500112020001800127020002700145040002100172035002100193041001300214050002400227082001600251100003200267245016000299260017100459300001800630504006400648505006800712533015200780650001100932650001300943655002900956700001700985700002301002710004901025710001701074856012601091999001901217ebr10428123CaPaEBRm u cr cn|||||||||910419s1990 enk sb 001 0 eng d z 91143454  z0946439923 z9780946439928 z9781849400985 (e-book) aCaPaEBRcCaPaEBR a(OCoLC)7267471571 aenghger14aQP376b.F684 1990eb04a612.8/22201 aFreud, Sigmund,d1856-1939.12aA moment of transitionh[electronic resource] :btwo neuroscientific articles /cby Sigmund Freud ; edited and translated by Mark Solms and Michael Saling. aLondon :bInstitute of Psycho-Analysis ;aLondon ;aNew York :bKarnac Books ;aNew York, N.Y. :bDistributed in the United States of America by Brunner/Mazel,c1990. axviii, 164 p. aIncludes bibliographical references (p. 147-155) and index.0 apt. 1. Introduction -- pt. 2. Translation -- pt. 3. Exposition. aElectronic reproduction.bPalo Alto, Calif. :cebrary,d2013.nAvailable via World Wide Web.nAccess may be limited to ebrary affiliated libraries. 0aBrain. 0aAphasia. 7aElectronic books.2local1 aSolms, Mark.1 aSaling, Michael M.2 aInstitute of Psycho-analysis (Great Britain)2 aebrary, Inc.40uhttp://site.ebrary.com/lib/rucke/Doc?id=10428123zAn electronic book accessible through the World Wide Web; click to view c143651d143651